000 00500nam a2200193Ia 4500
005 20250508150336.0
008 008 250505s9999 xx 000 0 eng d
037 _aTextual
040 _aFEDL
_beng
_cFEDL
041 _aeng
_2eng
084 _a104, HUX
_qFEDL
100 _aHuxley Julian
245 0 _aMan in the modern world
260 _aLondon, UK
_bChatto and Windus
_c1947
300 _a281p
650 _aPhilosophy
942 _cTEXL
_h104, HUX
999 _c1323097
_d1323097